00557cam a22001937a 4500003000500000005001700005008004100022010001000063011001000073035001000083040000900093100001600102245005500118260007600173300001800249490003300267650003000300830003300330CHAP20220329134308.0971013s r 00010 d a18307 a19279 a23364 cCHAP00aJuillet, A.13aLe pyrethre de dalmatie (Chrysantheme insecticide) aMontpellier :bOffice National des matieres Premiers vegetales,c(192?) a38 p.b: ilus 0aPublications agricolesv; 2614aPiretro como insecticida.0 aPublications agricolesv; 26